LEADER 02023nas 2200589- 450 001 996476372303316 005 20220930213018.0 011 $a2688-5255 024 7 $a10.23919/JSC 035 $a(DE-599)ZDB3112525-6 035 $a(OCoLC)1112112122 035 $a(CKB)4100000010118141 035 $a(CONSER)--2019201637 035 $a(EXLCZ)994100000010118141 100 $a20190813a20209999 --- a 101 0 $aeng 135 $aur||||||||||| 181 $ctxt$2rdacontent 182 $cc$2rdamedia 183 $acr$2rdacarrier 200 00$aJournal of social computing 210 1$a[Piscataway, New Jersey] :$cIEEE Xplore Digital Library :$cTsinghua University Press,$d[2020]- 215 $a1 online resource 517 1 $aJSC 517 1 $aJoSoCo 517 1 $aJo so co 517 1 $aSocial computing 531 0 $aJ. soc. comput. 606 $aSocial sciences$xData processing$vPeriodicals 606 $aSocial sciences$xComputer programs$vPeriodicals 606 $aHuman-computer interaction$vPeriodicals 606 $aCiencias sociales$xProceso de datos$2embne 606 $aInteracción hombre-ordenador$2abne 606 $aHuman-computer interaction$2fast$3(OCoLC)fst00963494 606 $aSocial sciences$xComputer programs$2fast$3(OCoLC)fst01122896 606 $aSocial sciences$xData processing$2fast$3(OCoLC)fst01122901 608 $aPeriodicals.$2fast 608 $aRevistas$2abne 615 0$aSocial sciences$xData processing 615 0$aSocial sciences$xComputer programs 615 0$aHuman-computer interaction 615 7$aCiencias sociales$xProceso de datos 615 7$aInteracción hombre-ordenador 615 7$aHuman-computer interaction. 615 7$aSocial sciences$xComputer programs. 615 7$aSocial sciences$xData processing. 676 $a300.72 712 02$aQing hua da xue (Beijing, China).$bChu ban she. 906 $aJOURNAL 912 $a996476372303316 996 $aJournal of social computing$92149866 997 $aUNISA LEADER 01302nam0 22002651i 450 001 UON00387471 005 20231205104556.696 100 $a20110118d1986 |0itac50 ba 101 $aita 102 $aIT 105 $a|||| ||||| 200 1 $aˆLa ‰storia sfuggente$euna analisi dei programmi storici televisivi$fdi Francesca Anania$gintroduzione di Alberto Caracciolo - Torino$eERI/Rai radiotelevisione italiana, c1986 - 161 p., 5 c. di tav. ; 21 cm. 410 1$1001UON00387384$12001 $aDati per la verifica dei programmi trasmessi - Torino$eEri$fEdizioni Rai radiotelevisione italiana$v74 606 $aTelevisione $xItalia$3UONC055185$2FI 620 $aIT$dTorino$3UONL000014 676 $a791.45658$cTelevisione. Programmi su temi e soggetti specifici. Temi storici e politici.$v22 700 1$aANANIA$bFrancesca$3UONV199463$0144328 702 1$aCaracciolo$bAlberto$3UONV100470 712 $aRAI Radiotelevisione Italiana$3UONV257677$4650 801 $aIT$bSOL$c20250808$gRICA 899 $aSIBA - SISTEMA BIBLIOTECARIO DI ATENEO$2UONSI 912 $aUON00387471 950 $aSIBA - SISTEMA BIBLIOTECARIO DI ATENEO$dSI FS 04416 $eSI FP 3348 5 996 $aStoria sfuggente$9273453 997 $aUNIOR